| 000 | 00512nam a22001817a 4500 | ||
|---|---|---|---|
| 005 | 20250325140035.0 | ||
| 008 | 250325b |||||||| |||| 00| 0 eng d | ||
| 020 | _a9780367556877 | ||
| 041 | _aEng. | ||
| 082 | _a658.408 CHA | ||
| 100 | _aChahine, Teresa | ||
| 245 | _aSocial Entrepreneurship: Building Impact Step By Step | ||
| 250 | _a2nd | ||
| 260 |
_aNew York _b Routledge _c2023 |
||
| 300 | _a263;. P. 23 cm | ||
| 650 | _aSocial Entrepreneurship; Social Responsibility of Business | ||
| 942 | _cBK | ||
| 999 |
_c43389 _d43389 |
||